=LDR 00000nam 2200000 4500 =001 INLIS000000000049592 =005 20200316094950 =035 ##$$a 0010-031700000000037 =008 200316###########################0###### =020 ##$$a 978-602-7686-20-15 =040 ##$$a NBPDMAT =082 ##$$a 302 =090 ##$$a 302 jal n =100 ##$$a Jalaludin Arzaki =245 1#$$a Nilai tolong menolong , musyawarah dan mufakat , pacu /$c H Djalaludin arzaki =260 ##$$a Pringgabaya :$b KSU Primaguna,$c 2014 =300 ##$$a 87 hlm ; $c 20 cm =650 #4$$a interaksi sosial - kebudayaan =084 ##$$a 302 JAL n =990 ##$$a 21603405 =990 ##$$a 21603406 =990 ##$$a 21603407 =990 ##$$a 21603408 =990 ##$$a 21603409 =990 ##$$a 209/46/2017 =990 ##$$a 21603406 =990 ##$$a 21603407 =990 ##$$a 21603408 =990 ##$$a 21603409 =990 ##$$a 209/46/2017 =990 ##$$a 209/46/2017 =990 ##$$a 21603407 =990 ##$$a 21603408 =990 ##$$a 21603409 =990 ##$$a 209/46/2017 =990 ##$$a 209/46/2017 =990 ##$$a 209/46/2017 =990 ##$$a 21603408 =990 ##$$a 21603409 =990 ##$$a 209/46/2017 =990 ##$$a 209/46/2017 =990 ##$$a 209/46/2017 =990 ##$$a 209/46/2017 =990 ##$$a 21603409 =990 ##$$a 209/46/2017 =990 ##$$a 209/46/2017 =990 ##$$a 209/46/2017 =990 ##$$a 209/46/2017 =990 ##$$a 209/46/2017 =990 ##$$a 209/46/2017 =990 ##$$a 209/46/2017 =990 ##$$a 209/46/2017 =990 ##$$a 209/46/2017 =990 ##$$a 209/46/2017 =990 ##$$a 209/46/2017 =990 ##$$a 209/46/2017 =990 ##$$a 209/46/2017 =990 ##$$a 209/46/2017 =990 ##$$a 209/46/2017